Từ điển truyện Kiều /

Gardado en:
Detalles Bibliográficos
Autor Principal: Đào Duy Anh, 1904-1988, GS.
Formato: Libro
Idioma:Vietnamese
Publicado: Hà Nội : Văn hoá thông tin, 2000.
Những chủ đề:
Các nhãn: Engadir etiqueta
Sen Etiquetas, Sexa o primeiro en etiquetar este rexistro!
Thư viện lưu trữ: Mạng thư viện Đại học Đà Nẵng
LEADER 00877cam a2200349 i 4500
001 000042198
003 71
005 20041027160945.0
008 010217b2000 vm 000 vie
020 |c 79000 
022 |a T 
040 |a IRC  |c IRC  |d IRC 
041 0 |a vie 
082 1 4 |a 895.921003  |b ĐA-A 
100 1 |a Đào Duy Anh,  |d 1904-1988,  |c GS. 
245 1 0 |a Từ điển truyện Kiều /  |c Đào Duy Anh. 
260 |a Hà Nội :  |b Văn hoá thông tin,  |c 2000. 
300 |a 757 tr. ;  |c 19 cm. 
630 0 4 |a Từ điển. 
630 0 4 |a Văn học. 
630 0 4 |a Truyện Kiều. 
650 0 4 |a Truyện Kiều  |v Từ điển. 
OWN |a DUT 
999 |a From the UDN01 
TYP |a Monograph 
TYP |a Printed language 
980 |a Mạng thư viện Đại học Đà Nẵng